[Event "37. Copenhagen Open (Politiken Cup)"]
[Site "Elsinore"]
[Date "2015.07.28"]
[Round "5"]
[White "Arbeus, Carl Johan"]
[Black "Kristensen, Thomas Overgaard"]
[Result "0-1"]
[WhiteElo "1779"]
[BlackElo "1545"]
[PlyCount "146"]
[EventDate "2015.07.25"]
[EventType "swiss"]
[EventRounds "10"]
[EventCountry "DEN"]
[Source "ChessBase"]
[SourceDate "2015.09.14"]

1. c4 e6 2. d4 d5 3. Nc3 Nf6 4. cxd5 exd5 5. Bg5 Nbd7 6. Nxd5 Nxd5 7. Bxd8 Bb4+
8. Qd2 Bxd2+ 9. Kxd2 Kxd8 10. e4 Ne7 11. f4 b6 12. Bc4 Bb7 13. Ke3 Re8 14. Nf3
Nf5+ 15. Kd2 Bxe4 16. Ng5 Nd6 17. Bxf7 Nxf7 18. Nxf7+ Kc8 19. Rac1 Kb7 20. Ne5
Nxe5 21. dxe5 g6 22. Rhg1 Rad8+ 23. Ke3 Bf5 24. Rc3 Rd7 25. Rgc1 Red8 26. h3
Rd3+ 27. Rxd3 Rxd3+ 28. Ke2 Rd5 29. g4 Be6 30. Ke3 Rc5 31. Rd1 Rc2 32. Ke4 Re2+
33. Kf3 Rxb2 34. Rd8 Rxa2 35. Rf8 Ra3+ 36. Ke4 Rxh3 37. f5 gxf5+ 38. gxf5 Rh4+
39. Ke3 Bd5 40. Re8 Re4+ 41. Kd3 c5 42. Re7+ Kc8 43. e6 c4+ 44. Kc3 Bxe6 45.
fxe6 Kd8 46. Rxa7 Rxe6 47. Kxc4 Re7 48. Ra8+ Kc7 49. Rh8 Kc6 50. Rc8+ Rc7 51.
Rh8 b5+ 52. Kb4 Rb7 53. Rc8+ Rc7 54. Rh8 Rg7 55. Rc8+ Kb6 56. Rb8+ Rb7 57. Rh8
Kc6 58. Rc8+ Kd6 59. Rd8+ Ke6 60. Kc5 b4 61. Kc6 Rg7 62. Rd6+ Ke5 63. Rd5+ Kf6
64. Rd6+ Kg5 65. Rd4 h5 66. Rxb4 h4 67. Rb5+ Kg4 68. Rb4+ Kh5 69. Kd5 h3 70.
Rb1 Kh4 71. Ke4 h2 72. Kf3 Rg1 73. Rb4+ Kh3 0-1

[Event "37. Copenhagen Open (Politiken Cup)"]
[Site "Elsinore"]
[Date "2015.07.28"]
[Round "5"]
[White "Ask, Josef"]
[Black "Greeuw, Sietske"]
[Result "1-0"]
[WhiteElo "2170"]
[BlackElo "1989"]
[PlyCount "61"]
[EventDate "2015.07.25"]
[EventType "swiss"]
[EventRounds "10"]
[EventCountry "DEN"]
[Source "ChessBase"]
[SourceDate "2015.09.14"]

1. e4 g6 2. d3 Bg7 3. f4 e6 4. Nf3 c5 5. Be2 Nc6 6. c3 Nge7 7. Be3 b6 8. d4
cxd4 9. cxd4 d5 10. e5 O-O 11. O-O a5 12. g4 Ba6 13. Bxa6 Rxa6 14. Nc3 Qd7 15.
Qe2 Raa8 16. Rac1 Na7 17. Qf2 b5 18. Qh4 b4 19. Ne2 Rac8 20. Ng3 Rxc1 21. Rxc1
Rc8 22. Rf1 Rc2 23. f5 exf5 24. Bh6 Bh8 25. gxf5 Nac6 26. Ng5 Qa7 27. f6 Nxd4
28. fxe7 Nf5+ 29. Kh1 Qxe7 30. Nxf5 Qxe5 31. Nxf7 1-0

[Event "37. Copenhagen Open (Politiken Cup)"]
[Site "Elsinore"]
[Date "2015.07.28"]
[Round "5"]
[White "Astrom, Lars"]
[Black "Thybo, Thomas Sondergaard"]
[Result "1-0"]
[WhiteElo "2097"]
[BlackElo "1831"]
[PlyCount "83"]
[EventDate "2015.07.25"]
[EventType "swiss"]
[EventRounds "10"]
[EventCountry "DEN"]
[Source "ChessBase"]
[SourceDate "2015.09.14"]

1. c4 g6 2. g3 Bg7 3. Bg2 c5 4. Nc3 Nc6 5. e3 d6 6. Nge2 Bf5 7. O-O Qd7 8. d4
cxd4 9. exd4 Bh3 10. Bxh3 Qxh3 11. Qa4 Qd7 12. Be3 Nf6 13. f3 O-O 14. d5 Ne5
15. Qxd7 Nfxd7 16. b3 a6 17. Bd4 Rfc8 18. f4 Ng4 19. h3 Bxd4+ 20. Nxd4 Ngf6 21.
Rfe1 Kf8 22. a4 Rc7 23. Re3 Rac8 24. Kg2 Nc5 25. Rd1 Ke8 26. Kf3 Kf8 27. g4 Kg7
28. Nce2 Rh8 29. Ng3 Kf8 30. Rde1 Ne8 31. R1e2 Ng7 32. h4 h5 33. g5 e6 34. a5
Rg8 35. b4 e5 36. fxe5 dxe5 37. Rxe5 Nd3 38. R5e3 Nxb4 39. d6 Rd7 40. c5 Nc6
41. Nxc6 bxc6 42. Ne4 1-0

[Event "37. Copenhagen Open (Politiken Cup)"]
[Site "Elsinore"]
[Date "2015.07.28"]
[Round "5"]
[White "Bach, Matthias"]
[Black "Kistrup, Nicolai"]
[Result "1-0"]
[WhiteElo "2236"]
[BlackElo "1986"]
[PlyCount "65"]
[EventDate "2015.07.25"]
[EventType "swiss"]
[EventRounds "10"]
[EventCountry "DEN"]
[Source "ChessBase"]
[SourceDate "2015.09.14"]

1. d3 c5 2. g3 g6 3. Bd2 Bg7 4. Qc1 Nc6 5. Bg2 d5 6. Nc3 e6 7. e4 d4 8. Nd1 Rb8
9. f3 b5 10. Nf2 Bb7 11. h4 Rc8 12. Ne2 c4 13. Qd1 e5 14. f4 Qd6 15. O-O h5 16.
Bh3 Rd8 17. a4 a6 18. f5 Bh6 19. Bxh6 Nxh6 20. Qd2 Bc8 21. axb5 axb5 22. Kg2
gxf5 23. exf5 Bxf5 24. Bxf5 Nxf5 25. Ne4 Qg6 26. Rxf5 Qxf5 27. Rf1 Qc8 28. Qg5
Kf8 29. Qf6 Rh7 30. Ng5 Rg7 31. Ne6+ Qxe6 32. Qxe6 Ne7 33. Qxe5 1-0

[Event "37. Copenhagen Open (Politiken Cup)"]
[Site "Elsinore"]
[Date "2015.07.28"]
[Round "5"]
[White "Bering, Anders"]
[Black "Jernselius, Kjell"]
[Result "1/2-1/2"]
[WhiteElo "1996"]
[BlackElo "1768"]
[PlyCount "146"]
[EventDate "2015.07.25"]
[EventType "swiss"]
[EventRounds "10"]
[EventCountry "DEN"]
[Source "ChessBase"]
[SourceDate "2015.09.14"]

1. e4 d6 2. d4 g6 3. Nc3 Bg7 4. Be3 a6 5. Qd2 Nd7 6. O-O-O b5 7. f3 Bb7 8. Kb1
Rc8 9. h4 c5 10. dxc5 Nxc5 11. h5 Qc7 12. hxg6 hxg6 13. Rxh8 Bxh8 14. Bd4 Bxd4
15. Qxd4 Ne6 16. Qd2 Qc5 17. Rc1 Kf8 18. Nh3 Qd4 19. Qxd4 Nxd4 20. Nf4 Nf6 21.
Nce2 Nxe2 22. Bxe2 g5 23. Nd3 g4 24. Rh1 gxf3 25. gxf3 Kg7 26. Nb4 Rc5 27. Nd3
Rg5 28. Kc1 Nd7 29. Kd2 d5 30. f4 dxe4 31. Nf2 Rg2 32. Ke3 Rxf2 33. Rg1+ Kf6
34. Kxf2 Nc5 35. b3 e5 36. fxe5+ Kxe5 37. Rg5+ f5 38. Bg4 Bc8 39. Bh3 Kf4 40.
Rg8 Be6 41. Re8 Ke5 42. Ke2 Nd7 43. Ra8 Nc5 44. a3 Bd5 45. Rf8 Be6 46. b4 Na4
47. Ra8 Nc3+ 48. Ke1 Bc4 49. Rxa6 f4 50. Bf1 Bxf1 51. Kxf1 Kd4 52. Rd6+ Nd5 53.
Rd8 Kc4 54. Rc8+ Kd4 55. Rc5 Nc3 56. Rh5 Ke3 57. a4 Nxa4 58. Rxb5 Kd4 59. Rb8
Kc4 60. b5 Kc5 61. c4 Nb6 62. Rb7 Nxc4 63. Rf7 f3 64. Rf5+ Kb6 65. Kf2 Na3 66.
Ke3 Nxb5 67. Rf6+ Kc5 68. Kxe4 f2 69. Rxf2 Nc3+ 70. Kd3 Nd5 71. Rf5 Kd6 72.
Rf6+ Ke5 73. Rf5+ Kxf5 1/2-1/2

[Event "37. Copenhagen Open (Politiken Cup)"]
[Site "Elsinore"]
[Date "2015.07.28"]
[Round "5"]
[White "Biasi, Grace"]
[Black "Philipsen, William Horup"]
[Result "0-1"]
[WhiteElo "1649"]
[BlackElo "1943"]
[PlyCount "70"]
[EventDate "2015.07.25"]
[EventType "swiss"]
[EventRounds "10"]
[EventCountry "DEN"]
[Source "ChessBase"]
[SourceDate "2015.09.14"]

1. e4 e5 2. Nf3 Nc6 3. Bc4 Nf6 4. O-O Nxe4 5. Re1 d5 6. Bb5 Bc5 7. d4 exd4 8.
Nxd4 O-O 9. Be3 Nxd4 10. Bxd4 Bxd4 11. Qxd4 c5 12. Qd1 c4 13. Qd4 Bf5 14. f3
Ng5 15. c3 a6 16. Ba4 b5 17. Bd1 Re8 18. Re5 Rxe5 19. Qxe5 Qb6+ 20. Qd4 Qg6 21.
Nd2 Nh3+ 22. Kh1 Re8 23. Bc2 Re2 24. g4 Qd6 25. Nf1 Bxc2 26. Ng3 Re6 27. Nh5
Qe5 28. Kg2 Qxd4 29. cxd4 g6 30. Kxh3 gxh5 31. gxh5 Bf5+ 32. Kh4 Re2 33. Kg5
Bd3 34. Kf6 h6 35. Rg1+ Kf8 0-1

[Event "37. Copenhagen Open (Politiken Cup)"]
[Site "Elsinore"]
[Date "2015.07.28"]
[Round "5"]
[White "Birkestrand, Odd Helge"]
[Black "Naesborg, Jens Ole"]
[Result "1/2-1/2"]
[WhiteElo "1698"]
[BlackElo "1900"]
[PlyCount "84"]
[EventDate "2015.07.25"]
[EventType "swiss"]
[EventRounds "10"]
[EventCountry "DEN"]
[Source "ChessBase"]
[SourceDate "2015.09.14"]

1. e4 d5 2. exd5 Nf6 3. d4 Bg4 4. Nf3 Qxd5 5. Be2 c6 6. O-O Nbd7 7. Nc3 Qa5 8.
Be3 e6 9. Ng5 Bf5 10. Bd3 h6 11. Nge4 Be7 12. Nxf6+ Nxf6 13. Ne2 Bg4 14. f3 Bh5
15. Ng3 O-O-O 16. Qe2 Bg6 17. c3 Bxd3 18. Qxd3 Qc7 19. Ne2 Bd6 20. g3 g5 21.
Rf2 Nh5 22. Rg2 f5 23. Qc4 Ng7 24. b4 f4 25. Bf2 b5 26. Qb3 Kb8 27. a4 Nf5 28.
axb5 cxb5 29. d5 Ne3 30. Nd4 exd5 31. Ne6 Qb7 32. Nxd8 Rxd8 33. Qa2 Rd7 34.
Bxe3 fxe3 35. Qe2 Bc7 36. Rd1 Bb6 37. Kh1 Qc6 38. Rd3 Re7 39. Rg1 g4 40. Rf1 d4
41. cxd4 gxf3 42. Rxf3 Rf7 1/2-1/2

[Event "37. Copenhagen Open (Politiken Cup)"]
[Site "Elsinore"]
[Date "2015.07.28"]
[Round "5"]
[White "Bjorneboe, Kristian"]
[Black "Eriksson, Christian Altenburg"]
[Result "0-1"]
[WhiteElo "2015"]
[BlackElo "2175"]
[PlyCount "122"]
[EventDate "2015.07.25"]
[EventType "swiss"]
[EventRounds "10"]
[EventCountry "DEN"]
[Source "ChessBase"]
[SourceDate "2015.09.14"]

1. d4 Nf6 2. Nf3 d5 3. e3 Bg4 4. h3 Bh5 5. g4 Bg6 6. Ne5 Nfd7 7. Nxg6 hxg6 8.
Bg2 c6 9. f4 e6 10. O-O Bd6 11. Nd2 Nf6 12. Qe2 Nbd7 13. e4 dxe4 14. g5 Nh5 15.
Nxe4 Be7 16. Bd2 Nb6 17. c3 Qc7 18. Rad1 Rd8 19. Bc1 Nd5 20. Qf3 Nb6 21. Rfe1
Nd5 22. Rf1 Nb6 23. Rfe1 Rd5 24. Nf2 Rf5 25. Re5 Nd5 26. Nd3 Bd6 27. Rxf5 gxf5
28. Ne5 Bxe5 29. dxe5 Qa5 30. Bf1 b5 31. a3 g6 32. Kh2 Qa4 33. Be3 O-O 34. Rd4
Qb3 35. Rd2 a5 36. Qf2 b4 37. axb4 axb4 38. Bc5 bxc3 39. bxc3 Ra8 40. c4 Ndxf4
41. Rb2 Qd1 42. Rd2 Qb1 43. Qf3 Qe1 44. Rd1 Qxe5 45. Qxc6 Nxh3+ 46. Kh1 Ng3+
47. Kg2 Qe4+ 48. Qxe4 Nxe4 49. Be7 Ra2+ 50. Kf3 Nhxg5+ 51. Ke3 Rc2 52. Rd8+ Kg7
53. Bd3 Rc3 54. Ke2 f4 55. Bb4 Rc1 56. Ba3 f3+ 57. Ke3 Re1+ 58. Kf4 e5+ 59.
Kxe5 Nc5+ 60. Kd5 Nxd3 61. Kd4 Ne6+ 0-1

[Event "37. Copenhagen Open (Politiken Cup)"]
[Site "Elsinore"]
[Date "2015.07.28"]
[Round "5"]
[White "Boukhris, Yacine"]
[Black "Szumniak, Jedrzej"]
[Result "0-1"]
[WhiteElo "2163"]
[BlackElo "1975"]
[PlyCount "86"]
[EventDate "2015.07.25"]
[EventType "swiss"]
[EventRounds "10"]
[EventCountry "DEN"]
[Source "ChessBase"]
[SourceDate "2015.09.14"]

1. e4 c5 2. Nf3 d6 3. d4 cxd4 4. Qxd4 Nc6 5. Bb5 Bd7 6. Bxc6 Bxc6 7. Nc3 Nf6 8.
Bg5 e5 9. Qd3 Qd7 10. Bxf6 gxf6 11. O-O-O O-O-O 12. Nh4 Rg8 13. g3 Rg5 14. Nd5
Qe6 15. Nf5 Bxd5 16. Qxd5 Qxd5 17. Rxd5 Kd7 18. Rhd1 Ke6 19. c4 b6 20. b4 Rxf5
21. exf5+ Kxf5 22. Kb2 Rc8 23. Kb3 Kg4 24. R1d2 f5 25. a4 f4 26. a5 f3 27. h4
f5 28. Ra2 e4 29. axb6 axb6 30. Ra7 Re8 31. Rf7 Re5 32. Rxe5 dxe5 33. Rxf8 e3
34. Ra8 exf2 35. Ra1 e4 36. c5 bxc5 37. bxc5 e3 38. c6 e2 39. c7 e1=Q 40. Ra4+
Kxg3 41. c8=Q Qb1+ 42. Ka3 f1=Q 43. Qc7+ Kh3 0-1

[Event "37. Copenhagen Open (Politiken Cup)"]
[Site "Elsinore"]
[Date "2015.07.28"]
[Round "5"]
[White "Bredeli, Havard Iversen"]
[Black "Henningsen, Lasse"]
[Result "0-1"]
[WhiteElo "1346"]
[BlackElo "1960"]
[PlyCount "76"]
[EventDate "2015.07.25"]
[EventType "swiss"]
[EventRounds "10"]
[EventCountry "DEN"]
[Source "ChessBase"]
[SourceDate "2015.09.14"]

1. d4 d5 2. c4 e6 3. Nc3 Nf6 4. Nf3 Be7 5. e3 g6 6. cxd5 Nxd5 7. Nxd5 exd5 8.
Bd2 Bf5 9. Be2 O-O 10. O-O c5 11. Re1 Nc6 12. Bb5 Qd6 13. Rc1 Rac8 14. a3 c4
15. Bxc6 Qxc6 16. Ne5 Qb5 17. Qf3 Be4 18. Qd1 Qxb2 19. a4 Bb4 20. Bxb4 Qxb4 21.
f3 Bf5 22. e4 Be6 23. Rb1 Qd6 24. g3 f6 25. exd5 fxe5 26. dxe6 exd4 27. Rc1 a6
28. Re4 Qc5 29. Qxd4 Qxd4+ 30. Rxd4 b5 31. axb5 axb5 32. f4 Rfd8 33. Rxd8+ Rxd8
34. Re1 Rb8 35. e7 Kf7 36. Re5 b4 37. Rc5 b3 38. Rc7 b2 0-1

[Event "37. Copenhagen Open (Politiken Cup)"]
[Site "Elsinore"]
[Date "2015.07.28"]
[Round "5"]
[White "Brendel, Bergit"]
[Black "Keen, Cosima C"]
[Result "1-0"]
[WhiteElo "2086"]
[BlackElo "1821"]
[PlyCount "71"]
[EventDate "2015.07.25"]
[EventType "swiss"]
[EventRounds "10"]
[EventCountry "DEN"]
[Source "ChessBase"]
[SourceDate "2015.09.14"]

1. e4 c6 2. d4 d5 3. Nd2 dxe4 4. Nxe4 Nd7 5. Nf3 Ngf6 6. Nxf6+ Nxf6 7. Be2 Bg4
8. h3 Bh5 9. Bf4 Nd5 10. Bh2 e6 11. O-O Bd6 12. Ne5 Bxe2 13. Qxe2 O-O 14. c4
Nf6 15. Rfd1 Qe7 16. c5 Bxe5 17. Bxe5 Rfd8 18. Rd3 Rd5 19. b4 a6 20. a4 Ne8 21.
Re1 Qd7 22. Qb2 Kh8 23. Bg3 Rd8 24. b5 cxb5 25. axb5 axb5 26. Rb3 b6 27. Rxb5
bxc5 28. dxc5 Nc7 29. Bxc7 Qxc7 30. Rb7 Qf4 31. g3 Qf3 32. Rb3 Qf5 33. c6 Rc5
34. Rb8 Qg5 35. Qb6 Rcd5 36. c7 1-0

[Event "37. Copenhagen Open (Politiken Cup)"]
[Site "Elsinore"]
[Date "2015.07.28"]
[Round "5"]
[White "Brunello, Sabino"]
[Black "Smirin, Ilia"]
[Result "0-1"]
[WhiteElo "2539"]
[BlackElo "2663"]
[PlyCount "156"]
[EventDate "2015.07.25"]
[EventType "swiss"]
[EventRounds "10"]
[EventCountry "DEN"]
[Source "ChessBase"]
[SourceDate "2015.09.14"]

1. d4 Nf6 2. c4 g6 3. Nc3 Bg7 4. e4 d6 5. f3 O-O 6. Be3 c6 7. Nge2 a6 8. c5 b5
9. cxd6 exd6 10. Nf4 b4 11. Na4 Re8 12. Bd3 Nd5 13. Nxd5 cxd5 14. O-O Bb7 15.
Qb3 Nc6 16. Kh1 Rb8 17. Rad1 Nxd4 18. Bxd4 Bxd4 19. exd5 Qh4 20. g3 Qf6 21. Kg2
a5 22. Rfe1 Rxe1 23. Rxe1 Qg5 24. Qc4 Ba7 25. Be4 Re8 26. Qb5 Rb8 27. b3 Qe5
28. Rd1 f5 29. Bb1 Re8 30. Kh3 Re7 31. f4 Qe2 32. Qxe2 Rxe2 33. Bd3 Rxa2 34.
Bc4 Bc8 35. Re1 Kf7 36. Re2 Ra1 37. Bb5 Bb7 38. Rc2 Re1 39. Rc7+ Re7 40. Rxe7+
Kxe7 41. Bc4 Bd4 42. Kg2 Bc8 43. Bb5 g5 44. fxg5 Kf7 45. Kf3 h6 46. gxh6 Kg6
47. h3 Kxh6 48. g4 Kg5 49. Bd3 fxg4+ 50. hxg4 Bxg4+ 51. Ke4 Bg1 52. Nb2 Bf5+
53. Kf3 Bxd3 54. Nxd3 Kf5 55. Nb2 Ke5 56. Ke2 Kxd5 57. Kd3 Kc6 58. Nc4 Bb6 59.
Nb2 d5 60. Na4 Ba7 61. Nb2 Kd6 62. Na4 Ke6 63. Nb2 Ke5 64. Na4 Bd4 65. Ke2 Ke4
66. Kd2 Be3+ 67. Kc2 Bf4 68. Nc5+ Ke3 69. Nb7 Bc7 70. Nc5 d4 71. Nd3 a4 72.
Nxb4 a3 73. Kd1 d3 74. Na2 Ba5 75. b4 Bd8 76. b5 Kd4 77. Kd2 Ba5+ 78. Kd1 Kc4
0-1

[Event "37. Copenhagen Open (Politiken Cup)"]
[Site "Elsinore"]
[Date "2015.07.28"]
[Round "5"]
[White "Carlstedt, Jonathan"]
[Black "Nielsen, Lars Aaes"]
[Result "1/2-1/2"]
[WhiteElo "2460"]
[BlackElo "2201"]
[PlyCount "110"]
[EventDate "2015.07.25"]
[EventType "swiss"]
[EventRounds "10"]
[EventCountry "DEN"]
[Source "ChessBase"]
[SourceDate "2015.09.14"]

1. e4 e6 2. d4 d5 3. Nc3 Nf6 4. Bg5 dxe4 5. Nxe4 Be7 6. Bxf6 gxf6 7. Nf3 Nd7 8.
Qd2 b6 9. O-O-O Bb7 10. Bd3 f5 11. Nc3 Bxf3 12. gxf3 c6 13. Kb1 Nf6 14. Qe3 Qd6
15. Rhe1 Nd5 16. Nxd5 cxd5 17. Bb5+ Kd8 18. c4 a6 19. Ba4 b5 20. c5 Qxh2 21.
Bb3 Qc7 22. Qh6 Kd7 23. Re5 Rag8 24. Rde1 Rg6 25. Qh5 Bf6 26. c6+ Kc8 27. R5e2
Qf4 28. Rc2 Qh6 29. Qxh6 Rxh6 30. c7 Bg5 31. a4 Kb7 32. axb5 axb5 33. Rc5 Rc8
34. Rxb5+ Kxc7 35. Kc2 Rh2 36. Re2 Bh4 37. Kd3 Rxf2 38. Rxf2 Bxf2 39. Ra5 Rb8
40. Ra7+ Rb7 41. Rxb7+ Kxb7 42. Ba4 Kc7 43. Be8 f6 44. f4 Kd6 45. b4 e5 46.
dxe5+ fxe5 47. fxe5+ Kxe5 48. b5 Bb6 49. Bf7 d4 50. Ke2 Ke4 51. Bc4 h5 52. Bd3+
Kf4 53. Kf2 h4 54. Kg2 Ke3 55. Bxf5 d3 1/2-1/2

[Event "37. Copenhagen Open (Politiken Cup)"]
[Site "Elsinore"]
[Date "2015.07.28"]
[Round "5"]
[White "Christiansen, Johan Sebastian"]
[Black "Thuesen, Mogens Henrik"]
[Result "1-0"]
[WhiteElo "2409"]
[BlackElo "2158"]
[PlyCount "65"]
[EventDate "2015.07.25"]
[EventType "swiss"]
[EventRounds "10"]
[EventCountry "DEN"]
[Source "ChessBase"]
[SourceDate "2015.09.14"]

1. c4 c5 2. Nc3 Nf6 3. g3 d5 4. cxd5 Nxd5 5. Bg2 Nc7 6. b3 g6 7. Bb2 Bg7 8. Rc1
Nd7 9. d3 Rb8 10. Qd2 b6 11. Nb5 O-O 12. Nxa7 Bb7 13. Bxb7 Rxb7 14. Nc6 Qe8 15.
Bxg7 Kxg7 16. d4 Nf6 17. Ne5 cxd4 18. Ngf3 Ne6 19. O-O Qb5 20. Qb2 Rd8 21. Rfd1
Rd6 22. Nc4 Rd5 23. Nxd4 Nxd4 24. Rxd4 Rxd4 25. Qxd4 Rd7 26. Qxb6 Qh5 27. Re1
Ng4 28. h4 e5 29. Qb5 Qf5 30. f3 f6 31. fxg4 Qxg4 32. Kh2 Qd4 33. Rf1 1-0

[Event "37. Copenhagen Open (Politiken Cup)"]
[Site "Elsinore"]
[Date "2015.07.28"]
[Round "5"]
[White "Christophersen, David"]
[Black "Kvamme, Ingrid Jodre"]
[Result "1-0"]
[WhiteElo "1854"]
[BlackElo "1351"]
[PlyCount "101"]
[EventDate "2015.07.25"]
[EventType "swiss"]
[EventRounds "10"]
[EventCountry "DEN"]
[Source "ChessBase"]
[SourceDate "2015.09.14"]

1. d4 Nf6 2. Bf4 c5 3. c3 b6 4. Nf3 g6 5. e3 Bg7 6. Be2 O-O 7. Nbd2 Bb7 8. Qb3
d6 9. Rd1 Nbd7 10. O-O a6 11. a4 Ra7 12. Rfe1 Qa8 13. Qc2 Ne4 14. Nc4 Bc6 15.
a5 b5 16. Nb6 Nxb6 17. axb6 Rd7 18. c4 Nf6 19. d5 Bb7 20. cxb5 axb5 21. Bxb5
Rdd8 22. Ra1 Qb8 23. e4 Bc8 24. Re3 Qxb6 25. Rb3 Qc7 26. Bc6 Bd7 27. Rb7 Qc8
28. Qa4 h6 29. Rc1 e5 30. Bd2 Bxc6 31. dxc6 Qe6 32. b4 Nxe4 33. b5 Nxd2 34.
Nxd2 Qd5 35. Ne4 Ra8 36. Qc2 Rfb8 37. Rxb8+ Rxb8 38. Rd1 Qe6 39. Rxd6 Qc8 40.
Qxc5 Bf8 41. Qxe5 Bxd6 42. Nxd6 Qd8 43. h3 Qb6 44. Qe7 Rf8 45. c7 Qc5 46. Qxf8+
Kxf8 47. c8=Q+ Qxc8 48. Nxc8 Ke8 49. b6 Kd8 50. b7 Kc7 51. Nd6 1-0

[Event "37. Copenhagen Open (Politiken Cup)"]
[Site "Elsinore"]
[Date "2015.07.28"]
[Round "5"]
[White "Dalsberg, Sandra de Blecourt"]
[Black "Stam, Bart"]
[Result "1-0"]
[WhiteElo "2157"]
[BlackElo "1946"]
[PlyCount "87"]
[EventDate "2015.07.25"]
[EventType "swiss"]
[EventRounds "10"]
[EventCountry "DEN"]
[Source "ChessBase"]
[SourceDate "2015.09.14"]

1. d4 Nf6 2. c4 e6 3. Nc3 Bb4 4. e3 b6 5. Nge2 Ba6 6. a3 Be7 7. Ng3 d5 8. b3
O-O 9. Be2 Re8 10. O-O c5 11. Bf3 Bb7 12. Bb2 cxd4 13. exd4 Na6 14. b4 Nc7 15.
Re1 a5 16. Na4 axb4 17. Nxb6 bxa3 18. Bc1 Ra6 19. c5 Nd7 20. Nxd7 Qxd7 21. Rxa3
Rea8 22. Rxa6 Bxa6 23. Bf4 Nb5 24. Qd2 Bf6 25. Be5 Bxe5 26. Rxe5 Na3 27. Re1
Nc4 28. Qg5 h6 29. Qf4 Bb5 30. h3 Qa7 31. Nh5 Qa5 32. Re2 Qc3 33. Kh2 Qd3 34.
Qg4 g6 35. Rxe6 Bd7 36. Nf6+ Kg7 37. Nxd7 fxe6 38. Qxe6 Qf5 39. Qe7+ Kh8 40.
Nf6 g5 41. g4 Qc2 42. Kg2 Nd2 43. Nh5 Rg8 44. Qe5+ 1-0

[Event "37. Copenhagen Open (Politiken Cup)"]
[Site "Elsinore"]
[Date "2015.07.28"]
[Round "5"]
[White "Delorme, Axel"]
[Black "Rakhmanov, Alexander"]
[Result "0-1"]
[WhiteElo "2484"]
[BlackElo "2626"]
[PlyCount "156"]
[EventDate "2015.07.25"]
[EventType "swiss"]
[EventRounds "10"]
[EventCountry "DEN"]
[Source "ChessBase"]
[SourceDate "2015.09.14"]

1. d4 Nf6 2. Nf3 g6 3. c4 Bg7 4. g3 c6 5. Bg2 O-O 6. O-O d5 7. Nbd2 a5 8. b3 a4
9. Bb2 Bf5 10. Ne5 Ne4 11. cxd5 a3 12. Bc1 Nc3 13. Qe1 cxd5 14. Ndf3 Nb5 15.
Qb4 Ra5 16. Be3 f6 17. Nd3 Bxd3 18. exd3 Nc6 19. Qd2 f5 20. Rac1 Nbxd4 21. Nxd4
Bxd4 22. Bxd4 Nxd4 23. Qe3 Nc6 24. Rc5 Rxc5 25. Qxc5 e6 26. Re1 Kf7 27. Qxa3
Qa5 28. Qxa5 Nxa5 29. Rc1 Nc6 30. f4 Ra8 31. a4 Ra6 32. Bf3 Rb6 33. Bd1 Rb4 34.
Kf2 h6 35. h4 Kf6 36. Ke3 g5 37. Rc5 g4 38. a5 Ke7 39. a6 Rb6 40. axb7 Kd6 41.
Rc1 Rxb7 42. Ra1 d4+ 43. Kd2 e5 44. fxe5+ Kxe5 45. Ra8 Nb4 46. Re8+ Kf6 47. Rd8
Ke5 48. Re8+ Kd6 49. Rd8+ Rd7 50. Rb8 Nd5 51. b4 Ne3 52. Rb6+ Ke5 53. Be2 h5
54. Rh6 Rb7 55. Rxh5 Rxb4 56. Rh8 Rb2+ 57. Ke1 Nd5 58. Re8+ Kf6 59. Rf8+ Ke6
60. Re8+ Kf7 61. Rd8 Ke6 62. Re8+ Kd7 63. Re5 Ne3 64. Kf2 Kd6 65. Re8 Kd7 66.
Re5 Rb1 67. Ra5 Rh1 68. Ra4 Rh2+ 69. Ke1 Kc6 70. Kd2 Kc5 71. Ke1 Rg2 72. Ra8
Rxg3 73. Rc8+ Kd6 74. h5 Rh3 75. Rh8 Ke5 76. h6 Kf4 77. Kd2 Kg3 78. Rd8 Rxh6
0-1

[Event "37. Copenhagen Open (Politiken Cup)"]
[Site "Elsinore"]
[Date "2015.07.28"]
[Round "5"]
[White "Ekeberg, Carl Fredrik"]
[Black "Lund, Per"]
[Result "1-0"]
[WhiteElo "2267"]
[BlackElo "2029"]
[PlyCount "71"]
[EventDate "2015.07.25"]
[EventType "swiss"]
[EventRounds "10"]
[EventCountry "DEN"]
[Source "ChessBase"]
[SourceDate "2015.09.14"]

1. d4 d5 2. c4 e6 3. Nf3 Nf6 4. g3 Be7 5. Bg2 O-O 6. O-O Nbd7 7. Qc2 b6 8. cxd5
exd5 9. Qc6 Ba6 10. Nc3 Rc8 11. Bh3 Nb8 12. Qa4 b5 13. Qb3 Nbd7 14. Nxd5 c5 15.
dxc5 Nxc5 16. Nxe7+ Qxe7 17. Qe3 Rce8 18. Qxe7 Rxe7 19. Be3 Nce4 20. Rfd1 b4
21. Nd4 Rfe8 22. Rac1 Bb7 23. Nc6 Bxc6 24. Rxc6 h6 25. Rc8 Ng5 26. Rxe8+ Rxe8
27. Bf1 a5 28. Bb6 a4 29. Ba5 Re4 30. h4 Ne6 31. e3 b3 32. Bd3 Re5 33. Bc3 Rd5
34. axb3 axb3 35. Bxf6 gxf6 36. Bh7+ 1-0

[Event "37. Copenhagen Open (Politiken Cup)"]
[Site "Elsinore"]
[Date "2015.07.28"]
[Round "5"]
[White "Engel, Luis"]
[Black "Tenold, Andreas"]
[Result "1-0"]
[WhiteElo "2200"]
[BlackElo "1423"]
[PlyCount "69"]
[EventDate "2015.07.25"]
[EventType "swiss"]
[EventRounds "10"]
[EventCountry "DEN"]
[Source "ChessBase"]
[SourceDate "2015.09.14"]

1. d4 Nf6 2. c4 e6 3. Nf3 d5 4. Nc3 Bb4 5. Bg5 Bxc3+ 6. bxc3 Nbd7 7. e3 c6 8.
Bd3 O-O 9. O-O Qc7 10. Bf4 Qa5 11. cxd5 Nxd5 12. Bd6 Rd8 13. c4 N7b6 14. Bc5
Nc3 15. Qb3 Nca4 16. Bb4 Qh5 17. c5 Nxc5 18. Bxc5 Nd5 19. Qd1 b6 20. Ba3 Bb7
21. Ne5 Qg5 22. Qg4 Qf6 23. Qf3 Qxf3 24. Nxf3 Re8 25. Ne5 f6 26. Nc4 Red8 27.
Nd6 Rab8 28. Nxb7 Rxb7 29. Rfc1 Rc8 30. Ba6 Rbc7 31. Bxc8 Rxc8 32. Rc2 Kf7 33.
Rac1 Kg6 34. Rxc6 Re8 35. Rc8 1-0

[Event "37. Copenhagen Open (Politiken Cup)"]
[Site "Elsinore"]
[Date "2015.07.28"]
[Round "5"]
[White "Engel, Robert"]
[Black "Brobakken, Geir"]
[Result "1/2-1/2"]
[WhiteElo "1725"]
[BlackElo "1936"]
[PlyCount "53"]
[EventDate "2015.07.25"]
[EventType "swiss"]
[EventRounds "10"]
[EventCountry "DEN"]
[Source "ChessBase"]
[SourceDate "2015.09.14"]

1. e4 c6 2. Nc3 d5 3. Qe2 dxe4 4. Nxe4 Nf6 5. g3 Nxe4 6. Qxe4 Nd7 7. Bg2 Nf6 8.
Qe2 g6 9. Nf3 Bg7 10. O-O O-O 11. d4 h6 12. c3 Be6 13. Ne5 Bd5 14. Bh3 Qd6 15.
Nd3 Bc4 16. b3 Ba6 17. Bf4 Qd8 18. Be5 Nh5 19. Bxg7 Bxd3 20. Qxd3 Nxg7 21. Rad1
Qa5 22. Qc2 Rad8 23. Rfe1 e6 24. Re5 Rd5 25. Rde1 Qc7 26. Qc1 Kh7 27. Qc2
1/2-1/2

[Event "37. Copenhagen Open (Politiken Cup)"]
[Site "Elsinore"]
[Date "2015.07.28"]
[Round "5"]
[White "Fjallheim, Leif Reinert"]
[Black "Holm, Henrik"]
[Result "1/2-1/2"]
[WhiteElo "1530"]
[BlackElo "1766"]
[PlyCount "66"]
[EventDate "2015.07.25"]
[EventType "swiss"]
[EventRounds "10"]
[EventCountry "DEN"]
[Source "ChessBase"]
[SourceDate "2015.09.14"]

1. e4 e6 2. d4 d5 3. e5 c5 4. c3 Nc6 5. Nf3 Bd7 6. Be3 Qb6 7. b3 cxd4 8. Nxd4
Bc5 9. b4 Bxd4 10. Bxd4 Nxd4 11. Qxd4 Qxd4 12. cxd4 Ne7 13. Nd2 Nc6 14. Rc1
Nxb4 15. a3 Nc6 16. Nb3 a6 17. Bd3 O-O 18. f4 b6 19. O-O f6 20. g4 fxe5 21.
fxe5 Rxf1+ 22. Kxf1 g6 23. Ke2 Kf7 24. h4 a5 25. Ke3 a4 26. Nd2 Ra5 27. Rb1 b5
28. Rxb5 Ra7 29. Rb1 Ne7 30. Bb5 Nc6 31. Bd3 Ne7 32. Bb5 Nc6 33. Bd3 Ne7
1/2-1/2